000 00512nam a22002057a 4500
001 21531
005 20260311113104.0
008 260311b |||||||| |||| 00| 0 spa d
041 _aESP
082 _a660.2844
_bH78 P. 1
100 _aHougen, O. A.
245 _aPrincipios de los procesos químicos :
_bbalances de materia y energía
260 _a :
_b ,
_c2015
300 _a000 páginas :
_b ;
_c00 cm.
440 _a ;
650 _aCNM
654 _aCCN
700 _a;
942 _cLIB
_dJUS
_fJUS
_2ddc
999 _c21531
_d21531